000
00278nam a2200109Ia 4500
008
200302s9999 xx 000 0 und d
100
_a
Jolyon Drury
245
_a
Factories Planning Design and Modernisation
260
_b
The Architectural Press
260
_c
1981
300
_a
306 P.,
999
_c
747
_d
747